000 00614cam a22001934a 4500
020 _a1590780094
040 _cDLC
082 0 0 _a944 BOY 2003 A101 Or.
_aB
100 1 _aTompert, Ann.
245 1 0 _aJoan of Arc :
_bheroine of France /
250 _a1st ed.
260 _aHonesdale, Pa. :
_bBoyds Mills Press,
_c2003.
300 _a1 v. (unpaged) :
_bcol. ill. ;
_c29 cm.
650 0 _aChristian women saints
700 1 _aGarland, Michael,
856 4 2 _uhttp://www.loc.gov/catdir/enhancements/fy1212/2002105797-b.html
856 4 2 _uhttp://www.loc.gov/catdir/enhancements/fy1212/2002105797-d.html
942 _cEK
999 _c12851
_d12851